000 00581cam a2200217 4500
001 B898
008 090401t1985xxu||||| |||| 00| 0 eng eng d
035 _a(Sirsi) u96448
041 _aeng
050 _a692.8
110 _aJoint Contracts Tribunal
_93664
245 _aAgreement for minor building works 1980 edition (revised April 1985): amendment MW2
260 _aLondon
_bRIBA Publications Ltd
300 _a2p. ; 30cm.
350 _a0
520 _aFiled with JCT 1980/21-23
650 _aInsurance
_96249
650 _aJCT
942 _n0
_2ddc
948 _c04/03/1997
999 _c98667
_d98667